000 00601nam a22001937a 4500
008 130821s ck gr spa
040 _aCo-BoUCM
_bspa
041 0 0 _aspa
110 _aEscala Ltda.
_9119127
245 0 0 _aCentros comunales
260 _aBogotá (Colombia)
_bEscala
_c[fecha desconocida]
300 _a[1 volumen]
490 _aRevista Escala
_v101
650 0 4 _aArquitectura
_97290
650 0 4 _aCentros comunales
_zBogotá (Colombia)
_vDiseños y planos
_910665
650 0 4 _aUrbanismo
_925989
942 _cLIBRO
_a17
_e1
_mE742
_2DEWEY
_h725.1
999 _c68802
_d68802